01166nab a22002177a 4500003000400000005001700004008004100021040000700062100003200069245012600101300001500227500003800242505026800280505010100548650002300649650004000672650002600712650002800738650002900766773015300795OSt20260128204937.0190514b xxu||||| |||| 00| 0 spa d cPJ aDelgado Solis, Elba Érika13aLa perspectiva de género : cuna herramienta interpretativa que va más allá de la violencia /bErika Delgado Solis. ap. 189-195 aCita: TR LALEY AR/DOC/2710/2025.  aSumario: I. Breves palabras introductorias.— II. Plataforma fáctica y normativa. Valoración de los argumentos dados por los magistrados en su decisión.— III. La perspectiva de género como herramienta que garantiza derechos.— IV. Palabras de cierre.  tFallo comentado: CFamilia, Mendoza ~ 15/05/2025 ~ O., L. A. c. B., V. R. s/ acción de nulidad. 0aDERECHO DE FAMILIA 0aLIQUIDACION DE LA SOCIEDAD CONYUGAL 0aVIOLENCIA DE GÉNERO 0aPERSPECTIVA DE GÉNERO 0aJURISPRUDENCIA APLICABLE0 02844dBuenos Aires : AbeledoPerrot, 1989-tDerecho de familia. Revista Interdisciplinaria de doctrina y jurisprudencia. Diciembre 2025-VI.z18511201